LEADER 01528nam 2200397 a 450 001 9910695600403321 005 20070104152434.0 035 $a(CKB)5470000002370762 035 $a(OCoLC)77529691 035 $a(EXLCZ)995470000002370762 100 $a20070104d2006 ua 0 101 0 $aeng 135 $aurmn|---||||| 181 $ctxt$2rdacontent 182 $cc$2rdamedia 183 $acr$2rdacarrier 200 10$aHomeland security$b[electronic resource] $eFederal Protective Service could better measure the performance of its control centers : report to the Chairman, Committee on Government Reform, House of Representatives 210 1$a[Washington, D.C.] :$cU.S. Government Accountability Office,$d[2006] 215 $ai, 63 pages $cdigital, PDF file 300 $aTitle from title screen (viewed on Dec. 27, 2006). 300 $a"September 2006." 300 $aPaper version available from: U.S. Government Accountability Office, 441 G St., NW, Rm. LM, Washington, D.C. 20548. 300 $a"GAO-06-1076." 320 $aIncludes bibliographical references. 517 $aHomeland security 606 $aControl rooms$zUnited States$xEvaluation 606 $aNational security$zUnited States 615 0$aControl rooms$xEvaluation. 615 0$aNational security 712 02$aUnited States.$bCongress.$bHouse.$bCommittee on Government Reform. 801 0$bGPO 801 1$bGPO 906 $aBOOK 912 $a9910695600403321 996 $aHomeland Security$91686681 997 $aUNINA